|
|
|
|
| LEADER |
01239nam a22003252a 4500 |
| 001 |
000338592 |
| 003 |
CZ BrMZK |
| 005 |
20210324180631.0 |
| 007 |
ta |
| 008 |
020815s1949 xr f |||| 0 cze d |
| 015 |
|
|
|a cnb000714002
|
| 035 |
|
|
|a (OCoLC)85433994
|
| 040 |
|
|
|a ABA001
|b cze
|c CBA001
|d ABA001
|d BOA001
|
| 072 |
|
7 |
|a 631
|x Zemědělství. Pedologie. Agrotechnika. Agroekologie
|2 Konspekt
|9 24
|
| 080 |
|
|
|a 631.115.8
|2 MRF
|
| 080 |
|
|
|a 631.115.71
|2 MRF
|
| 100 |
1 |
|
|a Koťátko, Jiří,
|d 1899-1962
|7 jk01062131
|4 aut
|
| 245 |
1 |
0 |
|a Jak přispějí jednotná zemědělská družstva a státní statky k zvelebení našeho zemědělství /
|c Dr inž. Jiří Koťátko
|
| 260 |
|
|
|a Praha :
|b Ministerstvo zeměděltví,
|c 1949
|
| 300 |
|
|
|a 31 s. ;
|c 8°
|
| 650 |
0 |
7 |
|a zemědělské podniky
|7 ph116764
|2 czenas
|
| 650 |
0 |
7 |
|a státní statky
|7 ph317245
|2 czenas
|
| 650 |
0 |
7 |
|a jednotná zemědělská družstva
|7 ph114825
|2 czenas
|
| 650 |
0 |
7 |
|a zemědělství
|7 ph116770
|2 czenas
|
| 650 |
0 |
7 |
|a instituce a organizace
|7 ph114779
|2 czenas
|
| 655 |
|
7 |
|a brožury
|7 fd131925
|2 czenas
|
| 910 |
|
|
|a BOA001
|b 2-0232.875
|
| 990 |
|
|
|a BK
|
| 991 |
|
|
|b 202102
|
| 996 |
7 |
|
|b 2619836405
|c 2-0232.875
|l MZK
|r Sklad / do 24 hodin
|n 4
|w 000338592
|u 000010
|a 1
|e BOA001
|j MZK50
|s A
|